[Event "Wichern op 5th"]
[Site "Hamburg"]
[Date "1999.10.16"]
[Round "2"]
[White "Ewaldt, Michael"]
[Black "Fjodorow, Peter"]
[Result "1-0"]
[WhiteElo "2078"]
[BlackElo "1778"]

1.e4 c5 2.c3 Nf6 3.e5 Nd5 4.d4 cxd4 5.Nf3 d6 6.cxd4 e6 7.Nc3 Nc6 8.Bd2 Be7
9.Bd3 Bd7 10.O-O dxe5 11.dxe5 Nxc3 12.Bxc3 Nb4 13.Be4 Bc6 14.Bxc6+ Nxc6 15.Qe2 O-O
16.a3 Qb6 17.Nd2 Rfd8 18.Kh1 Bf8 19.Ne4 Ne7 20.Qh5 Ng6 21.f4 Qc6 22.Ng5 h6
23.Nxe6 Qxe6 24.f5 Qc6 25.fxg6 fxg6 26.Qg4 Re8 27.Rf6 gxf6 28.Qxg6+ Kh8 29.exf6 Re3
30.f7+  1-0

[Event "BL9900 (Women)"]
[Site "Germany"]
[Date "1999.10.17"]
[Round "2.1"]
[White "Werner, Isabel"]
[Black "Krupkova, Petra"]
[Result "1/2-1/2"]
[WhiteElo "2254"]
[BlackElo "2334"]

1.e4 c5 2.c3 Nf6 3.e5 Nd5 4.d4 cxd4 5.Nf3 e6 6.cxd4 b6 7.Nc3 Nxc3 8.bxc3 Qc7
9.Bd2 Be7 10.Bd3 Ba6 11.Bxa6 Nxa6 12.Qe2 Qb7 13.O-O O-O 14.Bg5 f6 15.exf6 Bxf6
16.Bxf6 Rxf6 17.Ne5 Rc8 18.Rac1 Nb8 19.c4 Nc6 20.Rfd1 Nxe5 21.Qxe5 Qa6 22.Rc2 Rxc4
23.Rxc4 Qxc4 24.Qb8+ Rf8 25.Qxa7 Qc2 26.Rf1 Qc6 27.Rb1 Qc2 28.Rf1 Qc6 29.Rb1 Ra8
30.Qxb6 Qxb6 31.Rxb6 Rxa2 32.g3 Kf7 33.Rb4 Rd2 34.Kg2 Kf6 35.Kf3 g5 36.Ke3 Ra2
37.Rb3 g4 38.Rb7 Ra3+ 39.Ke2 Ra2+ 40.Ke3 Ra3+ 41.Ke2 Ra2+  1/2-1/2

[Event "BL9900 (Women)"]
[Site "Germany"]
[Date "1999.10.17"]
[Round "2.5"]
[White "Gruenberg, Regina"]
[Black "Schuster, Birgit"]
[Result "0-1"]
[WhiteElo "2132"]
[BlackElo "2096"]

1.e4 c5 2.c3 Nf6 3.e5 Nd5 4.d4 cxd4 5.cxd4 e6 6.Nf3 b6 7.Nc3 Nxc3 8.bxc3 Qc7
9.Bd2 d6 10.Bd3 Nd7 11.O-O dxe5 12.dxe5 Bb7 13.Re1 Be7 14.Rc1 Nc5 15.Bb1 Rd8
16.Nd4 h5 17.Qe2 a6 18.f4 g6 19.Rf1 Rd5 20.Be3 Kd8 21.Nb3 Kc8 22.Nxc5 Bxc5
23.Be4 Rd7 24.Bxc5 Qxc5+ 25.Kh1 Rhd8 26.Qf3 Bxe4 27.Qxe4 Kc7 28.h3 Rd2 29.Rc2 Rd1
30.Qe2 R1d3 31.Rb2 Qc6 32.Kh2 b5 33.Rfb1 Qc4 34.Qf2 Kb7 35.Rb4 Qxc3 36.Rxb5+ axb5
37.Rxb5+ Ka8 38.Qb6 Rxh3+ 39.gxh3 Rd2+ 40.Kh1 Qxh3+ 41.Kg1 Qg2+  0-1

[Event "VAM Hoogeveen op"]
[Site "Hoogeveen"]
[Date "1999.10.17"]
[Round "3"]
[White "Vistisen, Lars"]
[Black "Rantanen, Yrjo A"]
[Result "0-1"]
[WhiteElo "2199"]
[BlackElo "2358"]

1.e4 c5 2.c3 Nf6 3.e5 Nd5 4.d4 cxd4 5.Nf3 Nc6 6.Bc4 Nc7 7.O-O dxc3 8.Nxc3 g6
9.Qe2 Bg7 10.h4 O-O 11.h5 d5 12.exd6 exd6 13.Bg5 Nd4 14.Bxf7+ Rxf7 15.Bxd8 Nxe2+
16.Nxe2 Bg4 17.hxg6 hxg6 18.Bxc7 Bxf3 19.gxf3 Rxc7 20.Rad1 Rc2 21.Nf4 Rf8
22.Ne6 Rxf3 23.Rxd6 Bf6 24.Rd7 Rxb2 25.Rc1 Rc3 26.Re1 Bh4 27.Rg7+ Kh8 28.Rf7 Rcc2
29.Rf8+ Kh7 30.Rd1 Rd2 31.Rf7+ Kh6 32.Rxd2 Rxd2 33.f4 Rxa2 34.Rxb7 a5 35.Rb3 Kh5
36.Rd3 a4 37.Ng7+ Kg4 38.f5 gxf5 39.Rd4+ f4 40.Rc4 Bg3 41.Ne6 a3 42.Ra4 Bf2+
43.Kh1 Kg3  0-1

[Event "Wichern op 5th"]
[Site "Hamburg"]
[Date "1999.10.18"]
[Round "5"]
[White "Haucke, Alexander"]
[Black "Kock, Stefan"]
[Result "1-0"]
[WhiteElo "2173"]
[BlackElo "1994"]

1.e4 c5 2.c3 Nf6 3.e5 Nd5 4.Nf3 Nc6 5.Bc4 Nb6 6.Be2 d6 7.exd6 Qxd6 8.Na3 Bf5
9.O-O Rd8 10.d4 e6 11.Qb3 cxd4 12.Nb5 Qb8 13.Nfxd4 Na5 14.Qd1 a6 15.b4 Nac4
16.Bxc4 Nxc4 17.Qa4 Rd7 18.Nxf5 axb5 19.Qxb5 Qc7 20.Ng3 Be7 21.Rd1 Nd6 22.Qd3 Bf6
23.Bf4 e5 24.Be3 Nc4 25.Qxd7+ Qxd7 26.Rxd7 Kxd7 27.Ne4 Nxe3 28.fxe3 Be7 29.g4 Rc8
30.Kf2 Ke6 31.Rd1 g6 32.g5 Rc4 33.Kf3 Kf5 34.Rd7 Rxe4 35.Rxe7 Rc4 36.Rxf7+ Kxg5
37.Rxb7 e4+ 38.Kg3 Rxc3 39.h4+ Kf6 40.Kf4 Ra3 41.Rxh7 Rxa2 42.b5 Rb2 43.Rb7 Rh2
44.Rb6+ Kg7 45.Kxe4 Rxh4+ 46.Ke5 g5 47.Kf5 g4 48.Rg6+ Kf7 49.Rxg4 Rh5+ 50.Rg5 Rh4
51.e4 Rh1 52.Ke5 Rd1 53.Rh5  1-0

[Event "Wichern op 5th"]
[Site "Hamburg"]
[Date "1999.10.20"]
[Round "7"]
[White "Labahn, Dieter"]
[Black "Weeks, Manuel William"]
[Result "0-1"]
[WhiteElo "2042"]
[BlackElo "2245"]

1.e4 c5 2.c3 Nf6 3.e5 Nd5 4.d4 cxd4 5.Nf3 e6 6.cxd4 b6 7.Bd2 Bb7 8.Nc3 Nxc3
9.Bxc3 Be7 10.Bd3 Nc6 11.O-O O-O 12.Qe2 Nb4 13.Bxb4 Bxb4 14.Be4 Bxe4 15.Qxe4 d5
16.Qe3 Rc8 17.Rac1 Qd7 18.g3 Be7 19.Rxc8 Rxc8 20.Rc1 b5 21.Ne1 Rc4 22.b3 Rc7
23.Qd2 Qc8 24.Rxc7 Qxc7 25.Qc2 Qxc2 26.Nxc2 f6 27.f4 Kf7 28.Kf2 g5 29.Kf3 Kg6
30.h3 h5 31.g4 f5 32.Ne3 fxg4+ 33.hxg4 gxf4 34.gxh5+ Kxh5 35.Ng2 Bg5 36.Nxf4+ Bxf4
37.Kxf4 b4 38.Kf3 Kg5 39.Kg3 a6 40.Kf3 Kf5 41.Ke3 Kg4  0-1

[Event "Wichern op 5th"]
[Site "Hamburg"]
[Date "1999.10.22"]
[Round "9"]
[White "Dischinger, Frank"]
[Black "Lampe, Joerg"]
[Result "1-0"]
[WhiteElo "2260"]
[BlackElo "2123"]

1.e4 c5 2.c3 Nf6 3.e5 Nd5 4.d4 cxd4 5.cxd4 e6 6.Nc3 Nxc3 7.bxc3 Qc7 8.Bd2 b6
9.Rc1 d6 10.f4 Be7 11.Nf3 Nd7 12.Bd3 Bb7 13.O-O O-O 14.Qc2 g6 15.h4 Bxf3
16.Rxf3 Bxh4 17.Rh3 Be7 18.Kf2 f5 19.Qb3 d5 20.c4 Qb7 21.cxd5 exd5 22.Rch1 h5
23.Be2 Rfd8 24.Qg3 Nf8 25.Rxh5 Kf7 26.Rh8 a6 27.R1h6 Ke6 28.Bh5 Kd7 29.Bxg6 Nxg6
30.Qxg6 Kc7 31.R6h7 Rd7 32.Rxa8 Qxa8 33.Rxe7 Rxe7 34.Qd6+  1-0

[Event "Wichern op 5th"]
[Site "Hamburg"]
[Date "1999.10.22"]
[Round "9"]
[White "Heinrich, Matthias"]
[Black "Ewaldt, Michael"]
[Result "0-1"]
[WhiteElo "2163"]
[BlackElo "2078"]

1.e4 c5 2.c3 Nf6 3.e5 Nd5 4.d4 cxd4 5.Nf3 e6 6.cxd4 b6 7.Nc3 Nxc3 8.bxc3 Qc7
9.Bd2 Bb7 10.Bd3 d6 11.O-O Nd7 12.Re1 dxe5 13.Nxe5 Nxe5 14.Rxe5 Bd6 15.Rh5 g6
16.Rh3 O-O 17.c4 e5 18.Bh6 Rfe8 19.d5 e4 20.Bf1 Bc8 21.Re3 Bxh2+ 22.Kh1 Bd6
23.Qe1 Qe7 24.g3 Bg4 25.Bg2 Qf6 26.f4 Qf5 27.Bg5 h6 28.Rxe4 Rxe4 29.Bxe4 Bf3+
30.Bxf3 Qh3+ 31.Kg1 Bc5+  0-1

[Event "Wch U16 Girls"]
[Site "Oropesa del Mar"]
[Date "1999.10.26"]
[Round "3"]
[White "Goreskul, Alyona"]
[Black "Gara, Anita"]
[Result "0-1"]
[WhiteElo "2129"]
[BlackElo "2260"]

1.e4 c5 2.c3 Nf6 3.e5 Nd5 4.g3 Nc6 5.Bg2 Qc7 6.f4 e6 7.Nf3 b5 8.O-O Bb7 9.Kh1 d6
10.exd6 Bxd6 11.Na3 Ba6 12.Nc2 b4 13.Re1 O-O 14.Ne3 Nf6 15.Qa4 Bd3 16.Ng5 Rac8
17.Bf1 Bxf1 18.Rxf1 h6 19.Nf3 e5 20.fxe5 Nxe5 21.Nxe5 Bxe5 22.Nc4 Rfe8 23.Qc2 Rcd8
24.d3 Qc6+ 25.Kg1 Qd5 26.Nxe5 Rxe5 27.Bf4 Rh5 28.Rf2 Qxd3 29.Qxd3 Rxd3 30.cxb4 cxb4
31.Rc1 Ra5 32.Rc4 Nd5 33.b3 Rd1+ 34.Kg2 Ra1 35.Rcc2 f6 36.Kf3 Nc3 37.Be3 a6
38.a4 Ra3 39.Bb6 Rf5+ 40.Kg2 Rxf2+ 41.Kxf2 Rxb3 42.a5 Kf7 43.Kg2 Ke6  0-1

[Event "Wch U16 Girls"]
[Site "Oropesa del Mar"]
[Date "1999.10.31"]
[Round "7"]
[White "Szabo, Virag"]
[Black "Gara, Ticia"]
[Result "0-1"]
[WhiteElo "2030"]
[BlackElo "2233"]

1.e4 c5 2.c3 Nf6 3.e5 Nd5 4.d4 cxd4 5.Nf3 e6 6.cxd4 d6 7.Bd3 Bd7 8.O-O Nb4
9.Bc4 Qc7 10.Na3 a6 11.Bf4 d5 12.Bb3 N8c6 13.Rc1 Qb6 14.Nc2 Na5 15.Nxb4 Qxb4
16.Bd2 Qb5 17.Bc2 Nc4 18.Bd3 Qb6 19.Bc3 Be7 20.b3 Na3 21.Qd2 a5 22.Qf4 Bb5
23.Rfd1 O-O 24.Bb2 Bxd3 25.Rxd3 h6 26.Qg4 Rfc8 27.Rcd1 Rc2 28.Bc1 Kf8 29.Ne1 Rxa2
30.Rg3 g6 31.Bxh6+ Ke8 32.Rh3 Kd7 33.Bg5 Qd8 34.Bxe7 Qxe7 35.Nd3 b6 36.Nf4 Kc6
37.Rc1+ Kb7 38.Rh7 Rc8 39.Rf1 Ka6 40.b4 a4 41.b5+ Nxb5 42.Nxd5 Qf8 43.Rxf7 Qxf7
44.Nb4+ Ka7 45.Nxa2 Rc4 46.Qe2 Qc7 47.d5 exd5 48.e6 Nd4 49.Qg4 Qe5 50.Qxg6 Ne2+
51.Kh1  0-1

[Event "Wch U16 Girls"]
[Site "Oropesa del Mar"]
[Date "1999.10.31"]
[Round "7"]
[White "Shukurova, Meihriban"]
[Black "Khukhashvili, Sopio"]
[Result "0-1"]
[WhiteElo "2204"]
[BlackElo "2206"]

1.e4 c5 2.c3 Nf6 3.e5 Nd5 4.d4 cxd4 5.Nf3 e6 6.cxd4 d6 7.Nc3 dxe5 8.Nxe5 Bb4
9.Bb5+ Bd7 10.O-O Bxb5 11.Nxb5 O-O 12.a3 Be7 13.Nc3 Bf6 14.Ne4 Bxe5 15.dxe5 Nc6
16.f4 Qb6+ 17.Kh1 Nd4 18.b4 Nf5 19.Qe2 a5 20.bxa5 Rxa5 21.Bd2 Ra4 22.Nc3 Nxc3
23.Bxc3 Qe3 24.Qb5 Rxf4 25.Rxf4 Qxf4 26.Qxb7 Qh4 27.Qb2 h5 28.a4 Rc8 29.Kg1 Qe4
30.Bd2 Qc4 31.Bb4  0-1

[Event "Wch U14"]
[Site "Oropesa del Mar"]
[Date "1999.10.31"]
[Round "7"]
[White "Alekseev, Evgeny"]
[Black "Galstian, Benik"]
[Result "1-0"]
[WhiteElo "2400"]
[BlackElo "2180"]

1.e4 c5 2.c3 Nf6 3.e5 Nd5 4.d4 cxd4 5.Nf3 e6 6.cxd4 b6 7.Nc3 Nxc3 8.bxc3 Qc7
9.Bd2 d6 10.Bd3 Nd7 11.Ng5 Bb7 12.O-O dxe5 13.Qh5 g6 14.Qh3 Be7 15.Rfe1 Rf8
16.Qxh7 O-O-O 17.Nxf7 Nf6 18.Qh3 Rxf7 19.Qxe6+ Kb8 20.Qxf7 Bd5 21.Qg7 Rg8
22.Qh6 Qc6 23.Qg5 Bd8 24.c4 Bf7 25.d5 Nxd5 26.Qxe5+ Nc7 27.Bf4 g5 28.Bg3 Re8
29.Qd6  1-0

[Event "Wch U16"]
[Site "Oropesa del Mar"]
[Date "1999.10.31"]
[Round "7"]
[White "Erenburg, Sergey"]
[Black "Dominguez, Lenier"]
[Result "1/2-1/2"]
[WhiteElo "2352"]
[BlackElo "2506"]

1.e4 c5 2.c3 Nf6 3.e5 Nd5 4.d4 cxd4 5.Nf3 Nc6 6.Bc4 Nb6 7.Bb3 d5 8.exd6 Qxd6
9.O-O Be6 10.Bxe6 Qxe6 11.Nxd4 Nxd4 12.Qxd4 Rd8 13.Qe3 Qxe3 14.Bxe3 Nc4 15.Bxa7 Nxb2
16.Na3 e6 17.Nc2 Na4 18.Rfb1 Rd7 19.Bd4 f6 20.Rb3 e5 21.Be3 Rc7 22.Rab1 Nxc3
23.Rxb7 Ne2+ 24.Kf1 Rxc2 25.Ra7 Be7 26.Rb8+ Bd8 27.Bb6 O-O 28.Rbb7 Re8 29.Rxg7+ Kh8
30.Rxh7+ Kg8 31.Rag7+ Kf8 32.Rf7+ Kg8 33.Be3 Nf4 34.Rfg7+ Kf8 35.Rf7+  1/2-1/2

[Event "Wch U18"]
[Site "Oropesa del Mar"]
[Date "1999.11.02"]
[Round "9"]
[White "Potkin, Vladimir"]
[Black "Alvarez, Johan"]
[Result "0-1"]
[WhiteElo "2478"]
[BlackElo "2204"]

1.e4 c5 2.c3 Nf6 3.e5 Nd5 4.d4 cxd4 5.cxd4 g6 6.Nf3 Bg7 7.Qb3 Nc7 8.Bc4 O-O
9.Ng5 Ne6 10.Bxe6 dxe6 11.Be3 Qd5 12.Qxd5 exd5 13.Nc3 Rd8 14.Kd2 Nc6 15.f4 f6
16.Nf3 Bg4 17.Na4 g5 18.exf6 exf6 19.fxg5 fxg5 20.Nxg5 Nxd4 21.h3 Bd7 22.Bxd4 Bxd4
23.Nf3 Bg7 24.Nc5 Bf5 25.Nh4 Bh6+ 26.Kc3 Be4 27.Nxe4 dxe4 28.Rad1 Rac8+ 29.Kb3 Bd2
30.a3 Rd3+ 31.Ka2 Rf8 32.Kb1 Rf2 33.g4 e3 34.Kc2 Rd7 35.Nf5 Ba5+  0-1

[Event "Wch U16 Girls"]
[Site "Oropesa del Mar"]
[Date "1999.11.02"]
[Round "9"]
[White "Richards, Heather"]
[Black "Gara, Ticia"]
[Result "0-1"]
[WhiteElo "2117"]
[BlackElo "2233"]

1.e4 c5 2.c3 Nf6 3.e5 Nd5 4.Nf3 e6 5.d4 cxd4 6.cxd4 d6 7.Bc4 Nc6 8.O-O Be7
9.Qe2 O-O 10.Qe4 Ndb4 11.exd6 Bxd6 12.Nc3 Na5 13.Ng5 g6 14.Qh4 h5 15.Be2 Kg7
16.Qe4 Bd7 17.d5 e5 18.Bxh5 f5 19.Qe3 f4 20.Qe2 Qxg5 21.Bf3 Rac8 22.Ne4 Qe7
23.Bd2 Nc4 24.Bc3 Nxd5 25.Nxd6 Nxc3 26.bxc3 Nxd6 27.Rfd1 Bc6 28.Bxc6 Rxc6
29.Rd5 Nf7 30.c4 Rd8 31.Rad1 Rcd6  0-1

[Event "Chigorin mem"]
[Site "St Petersburg"]
[Date "1999.11.03"]
[Round "2"]
[White "Yurenko, Konstantin"]
[Black "Smirnov, Artiom"]
[Result "1-0"]
[WhiteElo "2323"]
[BlackElo "2171"]

1.e4 c5 2.c3 Nf6 3.e5 Nd5 4.d4 cxd4 5.Nf3 Nc6 6.cxd4 d6 7.Be2 Bf5 8.O-O e6
9.Qb3 Qb6 10.Qxb6 Nxb6 11.Nc3 d5 12.Be3 Be7 13.Nd2 O-O 14.a3 Rac8 15.Rac1 Na5
16.g4 Bg6 17.f4 f5 18.g5 Nbc4 19.Nxc4 Nxc4 20.Bxc4 Rxc4 21.Nb5 a6 22.Nc7 Rxc1
23.Rxc1 Kf7 24.Kf2 Rc8 25.Bd2 h6 26.gxh6 gxh6 27.a4 Rg8 28.b4 Bh5 29.b5 Bh4+
30.Ke3 a5 31.b6 Rg2 32.Nb5 Rxh2 33.Bxa5 Bf2+ 34.Kd3 Rh3+ 35.Kc2 Be3 36.Re1 Bxf4
37.Nd6+ Ke7 38.Nxb7 Rh2+ 39.Kb1 Bd2 40.Bxd2 Rxd2 41.Na5 Kd7 42.b7 Kc7 43.Rc1+  1-0

[Event "Wch U18"]
[Site "Oropesa del Mar"]
[Date "1999.11.04"]
[Round "10"]
[White "Flores, Diego"]
[Black "Horvath, Adam"]
[Result "0-1"]
[WhiteElo "2319"]
[BlackElo "2412"]

1.e4 c5 2.c3 Nf6 3.e5 Nd5 4.d4 cxd4 5.Nf3 e6 6.cxd4 d6 7.Nc3 Nxc3 8.bxc3 Qc7
9.Bd2 Nd7 10.exd6 Bxd6 11.Bd3 b6 12.O-O Bb7 13.a4 Rc8 14.a5 Bxf3 15.Qxf3 Bxh2+
16.Kh1 Bd6 17.Rfe1 O-O 18.g4 Rfe8 19.Kg2 Nf8 20.Rh1 g6 21.Bh6 Be7 22.Bb5 Red8
23.Rh3 Rd5 24.Ba6 Rb8 25.Rah1 b5 26.Bxf8 Bxf8 27.Rxh7 Bg7 28.Qh3 Kf8 29.c4 Rxd4
30.Rxg7 Kxg7 31.Qh6+ Kf6 32.Qh4+ g5 33.Qh6+ Ke7 34.Qxg5+ Kd6 35.Rh5 Qc6+
36.Kh2 f5 37.gxf5 Qf3 38.Qg3+ Qxg3+ 39.Kxg3 b4 40.f6 b3 41.c5+ Kc6 42.Rh1 b2
43.Rb1 e5 44.f7 Rf4  0-1

[Event "Chigorin mem"]
[Site "St Petersburg"]
[Date "1999.11.04"]
[Round "3"]
[White "Deviatkin, Andrei"]
[Black "Turov, Maxim"]
[Result "1/2-1/2"]
[WhiteElo "2356"]
[BlackElo "2529"]

1.e4 c5 2.c3 Nf6 3.e5 Nd5 4.d4 cxd4 5.Qxd4 e6 6.Nf3 Nc6 7.Qe4 f5 8.Qe2 Qc7
9.g3 b5 10.Bg2 a5 11.O-O Ba6 12.Re1 Bc5 13.b3 O-O 14.a3 Nce7 15.Bb2 Ba7 16.Nbd2 f4
17.g4 Ng6 18.Rac1 Ne3 19.fxe3 fxe3 20.Ne4 Nf4 21.Qc2 Bb7 22.Neg5 g6 23.c4 Qd8
24.c5 Bxc5 25.Qxc5 Nxg2 26.Rxe3 Rc8 27.Qd4 Rf4 28.Rxc8 Qxc8 29.Kxg2 Qc2+
30.Kg3 Rxd4 31.Bxd4 Qd1 32.Bc3 h6 33.Nh3 Qxb3 34.Bd2 Qb2 35.Bxa5 Bxf3 36.Kxf3 Qxh2
37.Nf2 Qg1 38.Bd8 h5 39.gxh5 gxh5 40.Ke2 Qg2 41.Bh4 Kh7  1/2-1/2

[Event "Wch U16 Girls"]
[Site "Oropesa del Mar"]
[Date "1999.11.05"]
[Round "11"]
[White "Shukurova, Meihriban"]
[Black "Cmilyte, Viktorija"]
[Result "1/2-1/2"]
[WhiteElo "2204"]
[BlackElo "2354"]

1.e4 c5 2.c3 Nf6 3.e5 Nd5 4.d4 cxd4 5.Nf3 e6 6.cxd4 d6 7.Nc3 Nxc3 8.bxc3 Qc7
9.Bd2 Nd7 10.exd6 Bxd6 11.Bd3 b6 12.Qe2 Bb7 13.O-O O-O 14.h3 Bf4 15.Be3 Rac8
16.Rac1 Nf6 17.Qd2 Bd6 18.Qe2 Rfe8 19.c4 Qe7 20.Bg5 h6 21.Bh4 Ba8 22.Bb1 Bf4
23.Rce1 Qb4 24.Bd3 Qf8 25.Bb1 Nd7 26.Qd3 g6 27.Qe2 Bb8 28.Ne5 Nxe5 29.dxe5 Qc5
30.Bd3 Bc7 31.Qd2 Bxe5 32.Qxh6 Bg7 33.Qf4 Qc6 34.f3 e5 35.Qg4 Qc5+ 36.Bf2 Qb4
37.h4 Rcd8 38.Rd1 Bb7 39.h5 Bc8 40.Qg5 Qe7 41.Qxe7 Rxe7 42.Bxg6 Rde8 43.Be4 Rc7
44.Rc1 Ba6 45.Bd5 Rec8 46.Rfd1 Bh6 47.Rc3 Bxc4 48.Bxc4 Rxc4 49.Rxc4 Rxc4
50.f4 Bf8 51.Bg3  1/2-1/2

[Event "Chigorin mem"]
[Site "St Petersburg"]
[Date "1999.11.06"]
[Round "5"]
[White "Deviatkin, Andrei"]
[Black "Aleksandrov, Danila"]
[Result "1-0"]
[WhiteElo "2356"]
[BlackElo "2216"]

1.e4 c5 2.c3 Nf6 3.e5 Nd5 4.d4 cxd4 5.Qxd4 e6 6.Nf3 Nc6 7.Qe4 f5 8.exf6 Nxf6
9.Qc2 d5 10.Bg5 e5 11.c4 e4 12.Nfd2 Nb4 13.Qb3 Bc5 14.Be2 O-O 15.O-O Be6
16.Nc3 Kh8 17.cxd5 Bxd5 18.Bxf6 gxf6 19.Nxd5 Qxd5 20.Qxd5 Nxd5 21.Nxe4 Bd4
22.Rad1 Nf4 23.Bc4 Rad8 24.b3 a6 25.a4 Rfe8 26.Rfe1 Re5 27.g3 Nh3+ 28.Kg2 f5
29.Nd6 Rxe1 30.Nf7+ Kg7 31.Rxe1  1-0

[Event "SLO-chT"]
[Site "Bled"]
[Date "1999.11.08"]
[Round "1"]
[White "Kos, Toni"]
[Black "Grosar, Kiti"]
[Result "1-0"]
[WhiteElo "2310"]
[BlackElo "2234"]

1.e4 c5 2.c3 Nf6 3.e5 Nd5 4.d4 cxd4 5.Nf3 e6 6.cxd4 d6 7.Bd3 Nc6 8.O-O dxe5
9.Nxe5 Nxe5 10.dxe5 Bd7 11.Bd2 Bc6 12.Be4 Qc7 13.Nc3 Nxc3 14.Bxc6+ Qxc6 15.Bxc3 Bc5
16.Rc1 Qb5 17.Bd4 Bb6 18.Bxb6 axb6 19.Qd6 Rd8 20.Qa3 Qa5 21.Qxa5 bxa5 22.Rc5 b6
23.Rb5 Rb8 24.f4 Kd7 25.Rb3 Rhc8 26.Rd1+ Ke7 27.Rd6 b5 28.Ra6 a4 29.Ra7+ Ke8
30.Rb4 Rd8 31.h3 h6 32.Ra5 Rd5 33.Raxa4 Rc8 34.Ra5 Rcc5 35.Rb3 f6 36.exf6 gxf6
37.Ra7 Kf8 38.Rh7 h5 39.Ra3 Kg8 40.Re7 Kf8 41.Rb7 Rc8 42.Ra6 Rf5 43.Rxe6 Rxf4
44.Ra6 h4 45.Raa7 b4 46.Ra4  1-0

[Event "ESP-chT Div 1"]
[Site "Cala Galdana"]
[Date "1999.11.09"]
[Round "2"]
[White "Gomez Esteban, Juan Mario"]
[Black "Gual Pascual, Antonio"]
[Result "1/2-1/2"]
[WhiteElo "2476"]
[BlackElo "2433"]

1.e4 c5 2.c3 Nf6 3.e5 Nd5 4.Nf3 Nc6 5.d4 cxd4 6.Bc4 Nb6 7.Bb3 d5 8.exd6 Qxd6
9.O-O Be6 10.Bxe6 Qxe6 11.Nxd4 Nxd4 12.Qxd4 Rd8 13.Qb4 Qc6 14.b3 e6 15.Qg4 h5
16.Qe2 Be7 17.c4 h4 18.h3 Bf6 19.Bb2 Bxb2 20.Qxb2 O-O 21.Nd2 Rd3 22.Nf3 Rxf3
23.gxf3 Qxf3 24.Rae1 Qxh3 25.Qd4 g5 26.Re3 Qf5 27.Re5 Qg6 28.Qe3 f6 29.Rxe6 Nd7
30.Rd1 Rf7 31.Red6 Qh5 32.Qe4 Ne5 33.R1d5 h3 34.Rd8+ Rf8 35.Rxf8+ Kxf8 36.Qf5 Ke7
37.Kh1 Qe2 38.Qh7+ Ke6 39.Qg8+ Kf5 40.Qh7+ Ke6 41.Qg8+  1/2-1/2

[Event "ESP-chT Div 1"]
[Site "Cala Galdana"]
[Date "1999.11.10"]
[Round "3"]
[White "Checa, Calderon D"]
[Black "Vehi Bach, Victor Manuel"]
[Result "0-1"]
[WhiteElo "2238"]
[BlackElo "2389"]

1.e4 c5 2.c3 Nf6 3.e5 Nd5 4.g3 Nc6 5.Bg2 e6 6.Nf3 d6 7.exd6 Bxd6 8.d4 O-O
9.O-O b6 10.c4 Nde7 11.Nc3 cxd4 12.Nxd4 Bb7 13.Bg5 Na5 14.Bxb7 Nxb7 15.Qf3 Qc8
16.Rad1 Ng6 17.b3 h6 18.Bc1 Be5 19.Bb2 Na5 20.Qe3 Nc6 21.Nf3 Qb7 22.Nxe5 Ncxe5
23.f4 Nc6 24.Ne4 Rfd8 25.Qc3 e5 26.f5 Rxd1 27.Rxd1 Nge7 28.f6 Nf5 29.Qf3 Nfd4
30.Bxd4 Nxd4 31.Qg4 g6 32.Qh4 Nf3+  0-1

[Event "SLO-chT"]
[Site "Bled"]
[Date "1999.11.12"]
[Round "5"]
[White "Sermek, Drazen"]
[Black "Mazi, Leon"]
[Result "1-0"]
[WhiteElo "2545"]
[BlackElo "2387"]

1.e4 c5 2.c3 Nf6 3.e5 Nd5 4.Nf3 b6 5.g3 Nc6 6.Bg2 Ba6 7.d3 e6 8.O-O Be7 9.c4 Nc7
10.b3 f6 11.Bb2 O-O 12.Nbd2 Qe8 13.Re1 Rd8 14.Ne4 Qh5 15.d4 cxd4 16.exf6 gxf6
17.Nxd4 Qxd1 18.Raxd1 Na5 19.Rd2 f5 20.Nc3 Bb4 21.Nc2 Be7 22.Red1 d6 23.Ba3 Ne8
24.Nb4 Bxc4 25.Rc2 d5 26.bxc4 Nxc4 27.Ncxd5 exd5 28.Bxd5+ Kg7 29.Rxc4  1-0

[Event "ESP-chT Div 1"]
[Site "Cala Galdana"]
[Date "1999.11.12"]
[Round "5"]
[White "Korneev, Oleg"]
[Black "Lautier, Joel"]
[Result "1/2-1/2"]
[WhiteElo "2615"]
[BlackElo "2638"]

1.e4 c5 2.c3 Nf6 3.e5 Nd5 4.Nf3 Nc6 5.Bc4 Nb6 6.Be2 d6 7.exd6 Qxd6 8.d4 cxd4
9.cxd4 Bf5 10.Nc3 e6 11.O-O Be7 12.Nb5 Qb8 13.g3 Nd5 14.Nc3 O-O 15.Nxd5 exd5
16.Bf4 Bd6 17.Ne5 Nxe5 18.dxe5 Bxe5 19.Qxd5 Bxf4 20.Qxf5 Qe5 21.Bd3 Qxf5
22.Bxf5 Be5 23.Rfe1 Rfe8 24.Re2 Bf6 25.Rae1 Kf8  1/2-1/2

[Event "ESP-chT Div 1"]
[Site "Cala Galdana"]
[Date "1999.11.13"]
[Round "6"]
[White "Checa, Calderon D"]
[Black "Gonzalez Lopez, Antoni"]
[Result "1/2-1/2"]
[WhiteElo "2238"]
[BlackElo "2076"]

1.e4 c5 2.c3 Nf6 3.e5 Nd5 4.g3 Nc6 5.Bg2 Qc7 6.f4 e6 7.Nf3 d6 8.Qe2 dxe5
9.fxe5 Be7 10.O-O O-O 11.d3 Bd7 12.c4 Nb6 13.Bf4 Bd8 14.Nc3 Ne7 15.Nh4 Ng6
16.Nxg6 fxg6 17.Ne4 Be7 18.h4 Rad8 19.Bh3 Kh8 20.Rf2 h6 21.Raf1 Nc8 22.Qe3 Kh7
23.Bxh6 gxh6 24.Rf7+ Rxf7 25.Rxf7+ Kg8 26.Qxh6 Kxf7 27.Qh7+ Kf8 28.Qh8+ Kf7
29.Qh7+ Kf8 30.Qh8+ Kf7 31.Qh7+  1/2-1/2

[Event "ch-ESP (team) Div 2"]
[Site "Cala Galdana ESP"]
[Date "1999.11.14"]
[Round "7"]
[White "Rojo Gomez,J"]
[Black "Cramling,P"]
[Result "0-1"]
[WhiteElo "2291"]
[BlackElo "2504"]

1.e4 c5 2.c3 Nf6 3.e5 Nd5 4.d4 cxd4 5.Nf3 e6 6.cxd4 d6 7.Bd2 b6 8.Nc3 Nxc3
9.bxc3 Nd7 10.Bb5 Bb7 11.Bf4 a6 12.Be2 dxe5 13.Bxe5 Rc8 14.O-O Rxc3 15.Rc1 Rxc1
16.Qxc1 Nxe5 17.Nxe5 Bd6 18.Qb2 O-O 19.Rb1 b5 20.a4 b4 21.Nd3 a5 22.Nc5 Bxc5  0-1

[Event "Kuban 99"]
[Site "Krasnodar RUS"]
[Date "1999.11.14"]
[Round "2"]
[White "Nadyrhanov,S"]
[Black "Brodsky,M"]
[Result "1/2-1/2"]
[WhiteElo "2515"]
[BlackElo "2512"]

1.e4 c5 2.c3 Nf6 3.e5 Nd5 4.Nf3 Nc6 5.d4 cxd4 6.Bc4 Nb6 7.Bb3 d5 8.exd6 Qxd6
9.O-O Be6 10.Na3 dxc3 11.Qe2 Bxb3 12.Nb5 Qb8 13.axb3 e5 14.Nbd4 f6 15.bxc3 Be7
16.Nf5 O-O 17.N3h4 Rf7 18.Qg4 Kh8 19.Be3 Bf8 20.Rfd1 Qe8 21.b4 Nc8 22.b5  1/2-1/2

[Event "Eu Team Ch (women)"]
[Site "Batumi GEO"]
[Date "1999.12.02"]
[Round "4"]
[White "Babaeva,F"]
[Black "Flear,C"]
[Result "0-1"]
[WhiteElo "2133"]
[BlackElo "2232"]

1.e4 c5 2.c3 Nf6 3.e5 Nd5 4.d4 cxd4 5.Nf3 Nc6 6.Bc4 Nb6 7.Bb3 g6 8.cxd4 Bg7
9.Bf4 d5 10.h3 O-O 11.O-O f6 12.Qd2 g5 13.Bg3 h6 14.exf6 exf6 15.Re1 Bf5
16.Na3 a6 17.Nc2 Kh8 18.Re2 Qd7 19.Nfe1 Rad8 20.Nd3 Nc4 21.Bxc4 dxc4 22.Nc5 Qf7
23.Qc3 Bxc2 24.Rxc2 Nxd4 25.Rd2 f5  0-1

[Event "Eu Team Ch"]
[Site "Batumi GEO"]
[Date "1999.12.02"]
[Round "4"]
[White "Nedev,T"]
[Black "O'Connell,G"]
[Result "1-0"]
[WhiteElo "2460"]
[BlackElo "2201"]

1.e4 c5 2.c3 Nf6 3.e5 Nd5 4.d4 cxd4 5.Nf3 d6 6.Bc4 Nb6 7.Bb3 Nc6 8.exd6 Qxd6
9.O-O Be6 10.Na3 dxc3 11.Qe2 Bxb3 12.Nb5 Qb8 13.axb3 e6 14.g3 Bd6 15.bxc3 a6
16.Nxd6+ Qxd6 17.Rd1 Qc7 18.Bf4 Qe7 19.Bd6 Qf6 20.c4 Nc8 21.Bc5 N8e7 22.Nd4 O-O
23.Nxc6 bxc6 24.b4 Rfe8 25.Ra3 e5 26.Qe4 Qf5 27.f3 h5 28.Rd6 Qh3 29.Bf2 Rab8
30.Bc5 Ra8 31.Rd2 Nf5 32.Qxc6 Nd4 33.Qe4 Rad8 34.Bxd4 exd4 35.Qb1 Qe6 36.c5 h4
37.Qf1 hxg3 38.hxg3 Ra8 39.Rxd4 Qe5 40.Qf2 Qf5 41.Rd1 Rab8 42.Rb3 Re6 43.Rc1 Rbe8
44.Rb2 Re3 45.Kg2 Qd3 46.Rcc2 Qb5 47.c6 R3e6 48.c7 Rc8 49.Rc5 Qb7 50.b5 axb5
51.Rbxb5 Rb6 52.Rxb6 Qxb6 53.Qd4 g6 54.Qd7 Qb7 55.g4 Kg7 56.g5 Qa6 57.Qd4+ Kh7
58.Rc1 Kg8 59.Rh1 f6 60.Qd8+ Kg7 61.gxf6+ Qxf6 62.Qd7+  1-0

[Event "ch-NED (qualifier KO)"]
[Site "Rotterdam NED"]
[Date "1999.12.04"]
[Round "1.1"]
[White "Jonkman,H"]
[Black "Spaan,N"]
[Result "1-0"]
[WhiteElo "2421"]
[BlackElo "2257"]

1.e4 c5 2.c3 Nf6 3.e5 Nd5 4.Nf3 Nc6 5.Bc4 Nb6 6.Bb3 c4 7.Bc2 d5 8.exd6 e5
9.O-O Bxd6 10.d4 cxd3 11.Qxd3 Be6 12.Rd1 Be7 13.Qe2 Qc7 14.Ng5 Bxg5 15.Bxg5 h6
16.Qh5 Qc8 17.h3 Bf5 18.Bb3 Bg6 19.Qh4 O-O 20.Be3 Na5 21.Bxb6 Nxb3 22.axb3 axb6
23.Rxa8 Qxa8 24.Na3 Qa5 25.Qc4 e4 26.Rd5 Qa8 27.Qc7 Qe8 28.Qxb6 f5 29.Nc4 Bh5
30.Re5 Qd7 31.Qe6+ Qxe6 32.Rxe6 Bd1 33.Na5 Rd8 34.Nxb7 Rd2 35.Rd6 Rd3 36.Kf1 Bxb3
37.Ke1 Rd5 38.Rxd5 Bxd5 39.Nd6 f4 40.c4 Bc6 41.b4 Kf8 42.b5  1-0

[Event "Eu Team Ch"]
[Site "Batumi GEO"]
[Date "1999.12.05"]
[Round "6"]
[White "Fernandes,An"]
[Black "Lautier,J"]
[Result "1/2-1/2"]
[WhiteElo "2438"]
[BlackElo "2638"]

1.e4 c5 2.c3 Nf6 3.e5 Nd5 4.d4 cxd4 5.Nf3 Nc6 6.cxd4 d6 7.Bc4 Nb6 8.Bb5 dxe5
9.Nxe5 Bd7 10.Nxd7 Qxd7 11.Nc3 e6 12.O-O Be7 13.Qg4 O-O 14.Rd1 Rfd8 15.Bh6 g6
16.Bg5 Rac8 17.d5 exd5 18.Qxd7 Rxd7 19.Bxe7 Rxe7 20.Nxd5 Nxd5 21.Rxd5 Nb4
22.Rdd1 Rc5 23.Bf1 Rc2 24.a3 Nc6 25.Rab1 Ne5 26.h3 g5 27.Rd4 Ng6 28.Rd5 h6
29.Bd3 Rd2 30.Be4 Re2 31.Bd3 Rd2 32.Be4 Re2 33.Bd3 Re1+ 34.Kh2 Rxb1 35.Bxb1 Kg7
36.Bxg6 Kxg6 37.Rd6+ f6 38.Rd2 h5 39.h4 gxh4 40.Kh3 Kg5 41.Rd5+ f5 42.Rd4 Re2
43.f4+ Kf6 44.Rd7 Rxb2 45.Kxh4 Rxg2 46.Rxb7 Rg4+ 47.Kxh5 Rg3 48.Kh4 Rxa3
49.Rh7 Ra4 50.Rh6+ Kg7 51.Kg5 Rxf4 52.Ra6  1/2-1/2